000 00321nam a22001457a 4500
003 OSt
005 20220214093733.0
008 220214b |||||||| |||| 00| 0 eng d
020 _a0070624453
040 _cHU
082 _a627.23
100 _aSturm
_930333
245 _aOpen Channel Hydraulics
942 _2ddc
_cBOOKS
_n0
999 _c30111
_d30111